[Event "Championnat de Paris open Fide"]
[Site "Paris"]
[Date "2016.07.09"]
[Round "1.1"]
[White "Louis, Thibault"]
[Black "Moiseenko, Alexander"]
[Result "0-1"]
[WhiteElo "2307"]
[BlackElo "2649"]
[PlyCount "46"]
[EventDate "2016.??.??"]

1. e4 c5 2. Nf3 Nc6 3. Bb5 e6 4. Nc3 Nge7 5. O-O Ng6 6. Re1 Be7 7. Bxc6 bxc6 8.
b3 O-O 9. Ba3 e5 10. Ne2 d6 11. Ng3 f5 12. Nxf5 Bxf5 13. exf5 Rxf5 14. c3 d5
15. d4 e4 16. Nd2 cxd4 17. Bxe7 Qxe7 18. cxd4 Raf8 19. f3 Qg5 20. Kh1 Nf4 21.
Rg1 e3 22. Nb1 e2 23. Qd2 Re8 0-1

[Event "Championnat de Paris open Fide"]
[Site "Paris"]
[Date "2016.07.09"]
[Round "1.2"]
[White "Fedorchuk, Sergey A"]
[Black "Antonio, Viani D'Cunha"]
[Result "0-1"]
[WhiteElo "2624"]
[BlackElo "2305"]
[PlyCount "104"]
[EventDate "2016.??.??"]

1. e4 c5 2. Nf3 d6 3. d4 cxd4 4. Nxd4 Nf6 5. Nc3 g6 6. Be3 Bg7 7. f3 O-O 8. Qd2
Nc6 9. Bc4 Bd7 10. O-O-O Rc8 11. Bb3 Ne5 12. Kb1 Re8 13. h4 h5 14. Bg5 Rc5 15.
Rhe1 Qa5 16. f4 Nc6 17. Bxf7+ Kxf7 18. Nb3 Qb4 19. a3 Qc4 20. e5 Bf5 21. Nxc5
Qxc5 22. exf6 exf6 23. Rxe8 Kxe8 24. Qe2+ Kd7 25. Re1 Kc7 26. Qe8 Qc4 27. Rd1
Kb6 28. Qe3+ Ka6 29. Rxd6 fxg5 30. hxg5 Bxc3 31. Qxc3 Qxc3 32. bxc3 Kb5 33. Kc1
Kc5 34. Rf6 b5 35. Rf7 a5 36. Kd2 a4 37. g3 Na5 38. Kc1 Kd5 39. Re7 Nc4 40. Re8
Nxa3 41. Re5+ Kd6 42. c4 Nxc4 43. Rxb5 a3 44. Rb8 Kd5 45. Kb1 Kd4 46. Rf8 Ne3
47. Ka2 Nxc2 48. Kb3 Ne3 49. Kxa3 Ke4 50. Kb4 Kf3 51. Re8 Nf1 52. Re5 Nxg3 0-1

[Event "Championnat de Paris open Fide"]
[Site "Paris"]
[Date "2016.07.09"]
[Round "1.3"]
[White "Houhou, Olivier"]
[Black "Shchekachev, Andrei"]
[Result "0-1"]
[WhiteElo "2304"]
[BlackElo "2550"]
[PlyCount "54"]
[EventDate "2016.??.??"]

1. e4 c5 2. c3 d5 3. exd5 Qxd5 4. d4 Nf6 5. Nf3 e6 6. Bd3 Be7 7. Be3 cxd4 8.
cxd4 Nc6 9. Nc3 Qd8 10. Rc1 O-O 11. O-O b6 12. Ne5 Nb4 13. Bb1 Bb7 14. a3 Nbd5
15. Qd3 Rc8 16. Nxd5 Qxd5 17. f3 Rfd8 18. Rfd1 g6 19. Bc2 Nd7 20. Ng4 Qa2 21.
Qd2 f5 22. Bg5 Bxg5 23. Qxg5 fxg4 24. Bxg6 Qd5 25. Qxg4 Nf6 26. Qg3 Rxc1 27.
Be4+ Kf7 0-1

[Event "Championnat de Paris open Fide"]
[Site "Paris"]
[Date "2016.07.09"]
[Round "1.4"]
[White "Moussard, Jules"]
[Black "Justo, Damian"]
[Result "1-0"]
[WhiteElo "2521"]
[BlackElo "2304"]
[PlyCount "131"]
[EventDate "2016.??.??"]

1. Nf3 Nf6 2. g3 d5 3. Bg2 Bf5 4. O-O c6 5. c4 e6 6. cxd5 cxd5 7. Qb3 Qe7 8.
Nc3 Nc6 9. d3 Qb4 10. Nb5 Rc8 11. Bf4 Qxb3 12. axb3 a6 13. Nbd4 Bg4 14. Rfc1
Bxf3 15. Bxf3 Kd7 16. Nxc6 bxc6 17. Rxa6 Bd6 18. Bd2 Rc7 19. Ba5 Rb7 20. Rcxc6
Be7 21. e4 Rhb8 22. Bc3 dxe4 23. dxe4 Rc8 24. Rcb6 Rcb8 25. Ra7 Rxa7 26. Rxb8
g5 27. h3 h5 28. g4 hxg4 29. hxg4 Bd6 30. Rb5 Nh7 31. b4 f6 32. Ra5 Rc7 33. b5
Be5 34. b6 Rb7 35. Bxe5 fxe5 36. Rxe5 Rxb6 37. Ra5 Ke8 38. Ra7 Nf6 39. Ra5 Nh7
40. e5 Rxb2 41. Ra7 Nf8 42. Rg7 Rb1+ 43. Kg2 Re1 44. Rxg5 Kf7 45. Bc6 Ng6 46.
Be8+ Kxe8 47. Rxg6 Rxe5 48. Rg7 Kf8 49. Ra7 Rb5 50. Kg3 Rb4 51. f4 Rc4 52. g5
Rb4 53. g6 Rb1 54. Kg4 Rb5 55. Rf7+ Ke8 56. Rf6 Ke7 57. Rf7+ Ke8 58. f5 exf5+
59. Rxf5 Rb1 60. Kg5 Ke7 61. Kh6 Rh1+ 62. Kg7 Rg1 63. Re5+ Kd6 64. Re4 Kd5 65.
Re2 Kd6 66. Kf7 1-0

[Event "Championnat de Paris open Fide"]
[Site "Paris"]
[Date "2016.07.09"]
[Round "1.5"]
[White "Hemant, Sharma Del"]
[Black "Bellahcene, Bilel"]
[Result "1-0"]
[WhiteElo "2299"]
[BlackElo "2498"]
[PlyCount "65"]
[EventDate "2016.??.??"]

1. c4 Nf6 2. Nc3 c5 3. g3 d5 4. cxd5 Nxd5 5. Bg2 Nc7 6. Nf3 Nc6 7. b3 g6 8. Bb2
e5 9. Na4 f6 10. Rc1 Ne6 11. O-O Bd7 12. d3 Rc8 13. e3 Nb4 14. a3 Bxa4 15. bxa4
Nxd3 16. Qb3 Qd7 17. Rc4 Nxb2 18. Qxb2 Be7 19. Qb3 Rc6 20. Rd1 Rd6 21. Rxd6
Bxd6 22. Nd2 b6 23. Rc3 f5 24. Rd3 Nd4 25. exd4 cxd4 26. Qd5 Ke7 27. Nc4 Qe6
28. Qb7+ Kf6 29. Bd5 Qe7 30. Nxd6 Qxd6 31. Qf7+ Kg5 32. Qg7 Rc8 33. Bf3 1-0

[Event "Championnat de Paris open Fide"]
[Site "Paris"]
[Date "2016.07.09"]
[Round "1.6"]
[White "Satyapragyan, Swayangsu"]
[Black "Kathmale, Sameer"]
[Result "1-0"]
[WhiteElo "2467"]
[BlackElo "2298"]
[PlyCount "55"]
[EventDate "2016.??.??"]

1. e4 d5 2. exd5 Qxd5 3. Nc3 Qa5 4. d4 Nf6 5. Bc4 Bf5 6. Bd2 Qb6 7. Nf3 e6 8.
Qe2 Be7 9. d5 exd5 10. Nxd5 Nxd5 11. Bxd5 Nc6 12. O-O Rd8 13. c4 Bg4 14. Bc3
Bxf3 15. Qxf3 O-O 16. Qg4 g6 17. a3 Bd6 18. b4 Be5 19. c5 Qa6 20. b5 Qxb5 21.
Bxc6 Bxh2+ 22. Kxh2 Qxc6 23. Rad1 Rfe8 24. Qg5 Rxd1 25. Rxd1 b6 26. Rd8 f6 27.
Rxe8+ Qxe8 28. Qxf6 1-0

[Event "Championnat de Paris open Fide"]
[Site "Paris"]
[Date "2016.07.09"]
[Round "1.7"]
[White "Kulkarni, Rakesh"]
[Black "Battaglini, Gabriel"]
[Result "0-1"]
[WhiteElo "2296"]
[BlackElo "2462"]
[PlyCount "74"]
[EventDate "2016.??.??"]

1. e4 e6 2. d4 d5 3. exd5 exd5 4. c4 Bb4+ 5. Nc3 Nf6 6. Be3 dxc4 7. Bxc4 O-O 8.
Nge2 Nbd7 9. O-O Nb6 10. Bb3 c6 11. Qd3 Re8 12. Bg5 Be6 13. Ne4 Be7 14. Bxf6
Bxf6 15. Bxe6 Rxe6 16. Nf4 Re8 17. Rad1 g6 18. Qf3 Bg7 19. d5 Qe7 20. Nc3 Qb4
21. dxc6 bxc6 22. Nd3 Qc4 23. Rc1 Rad8 24. Rfd1 Bh6 25. Rb1 Be3 26. Ne1 Bd2 27.
g3 Re6 28. Kg2 Rdd6 29. a3 h5 30. h4 Nd7 31. Kg1 Ne5 32. Qg2 Bxc3 33. Rxd6 Rxd6
34. bxc3 Qxc3 35. Qe4 Rd5 36. Rb8+ Kg7 37. Qb4 Qc1 0-1

[Event "Championnat de Paris open Fide"]
[Site "Paris"]
[Date "2016.07.09"]
[Round "1.8"]
[White "Abergel, Thal"]
[Black "Eden, James"]
[Result "1-0"]
[WhiteElo "2457"]
[BlackElo "2293"]
[PlyCount "57"]
[EventDate "2016.??.??"]

1. e4 e5 2. Nf3 Nc6 3. Bc4 Nf6 4. Ng5 d5 5. exd5 Na5 6. Bb5+ c6 7. dxc6 bxc6 8.
Bd3 Be7 9. O-O Nd5 10. Nf3 Nf4 11. Nxe5 Qd5 12. Nf3 Nxd3 13. Nc3 Qh5 14. cxd3
O-O 15. Re1 Bd6 16. Ne4 Bc7 17. b4 Nb7 18. Qc2 Bg4 19. Qxc6 Rac8 20. Qxb7 Bxf3
21. gxf3 Qxh2+ 22. Kf1 f5 23. Qd5+ Kh8 24. Ng5 h6 25. Bb2 hxg5 26. Re7 Qh3+ 27.
Ke2 Rfe8 28. Bxg7+ Kh7 29. Qxf5+ 1-0

[Event "Championnat de Paris open Fide"]
[Site "Paris"]
[Date "2016.07.09"]
[Round "1.9"]
[White "Philippe, Guillaume"]
[Black "Sundararajan, Kidambi"]
[Result "1/2-1/2"]
[WhiteElo "2321"]
[BlackElo "2456"]
[PlyCount "80"]
[EventDate "2016.??.??"]

1. f4 d5 2. Nf3 g6 3. g3 Bg7 4. Bg2 Nf6 5. O-O O-O 6. d3 b6 7. Na3 Bb7 8. Rb1
Nbd7 9. c4 e6 10. b3 Qe7 11. Nc2 Rad8 12. Bb2 c5 13. e3 Ne8 14. Bxg7 Nxg7 15.
Qe2 e5 16. cxd5 Bxd5 17. e4 Bb7 18. Ne3 exf4 19. gxf4 Ne6 20. Nd2 Qh4 21. Qf2
Qxf2+ 22. Rxf2 Nb8 23. Bf1 Nc6 24. a3 Ncd4 25. f5 Nc7 26. b4 cxb4 27. axb4 Ncb5
28. Ndc4 gxf5 29. Nxf5 Nxf5 30. Rxf5 Nd4 31. Rf4 f5 32. exf5 Nxf5 33. Rb2 Nd4
34. Rxf8+ Rxf8 35. Bg2 Nf3+ 36. Bxf3 Rxf3 37. Ra2 Rxd3 38. Rxa7 Be4 39. Nxb6
Rb3 40. Nd7 Rxb4 1/2-1/2

[Event "Championnat de Paris open Fide"]
[Site "Paris"]
[Date "2016.07.09"]
[Round "1.10"]
[White "Loiseau, Quentin"]
[Black "Iglesias, Joachim"]
[Result "1-0"]
[WhiteElo "2436"]
[BlackElo "2281"]
[PlyCount "104"]
[EventDate "2016.??.??"]

1. Nf3 d6 2. d4 Nf6 3. c4 Nbd7 4. Nc3 c6 5. e4 e5 6. Be2 Be7 7. O-O O-O 8. Qc2
a6 9. Rd1 Qc7 10. Bg5 h6 11. Bh4 g5 12. dxe5 dxe5 13. Bg3 Nh5 14. Rxd7 Bxd7 15.
Bxe5 Bd6 16. Bxd6 Qxd6 17. Nxg5 Nf4 18. Rd1 Qg6 19. Rxd7 Qxg5 20. g3 Rad8 21.
h4 Qf6 22. Rxd8 Rxd8 23. gxf4 Qxf4 24. Kf1 Qxh4 25. Bf3 Qg5 26. Nd1 h5 27. Ne3
h4 28. Bg4 Rd4 29. Nf5 Rd2 30. Qc3 f6 31. Ke1 Rd8 32. Qe3 Qxe3+ 33. Nxe3 Rd4
34. f3 Kf8 35. b3 b5 36. Nf5 Rd3 37. cxb5 axb5 38. Nxh4 b4 39. Be6 Rd8 40. Nf5
Ra8 41. Bc4 c5 42. Nd6 Ra7 43. Bd5 Rxa2 44. Nb7 Rc2 45. Bc4 Rc3 46. Nxc5 Rxf3
47. Ke2 Rh3 48. Nd3 Kg7 49. Nxb4 f5 50. exf5 Kf6 51. Be6 Rxb3 52. Bxb3 Kxf5 1-0

[Event "Championnat de Paris open Fide"]
[Site "Paris"]
[Date "2016.07.09"]
[Round "1.11"]
[White "Dubois, Loic"]
[Black "Belkhodja, Slim"]
[Result "1/2-1/2"]
[WhiteElo "2271"]
[BlackElo "2417"]
[PlyCount "24"]
[EventDate "2016.??.??"]

1. e4 c5 2. Nc3 Nc6 3. f4 e6 4. Nf3 a6 5. g3 d5 6. d3 b5 7. Bg2 b4 8. exd5 exd5
9. Qe2+ Nge7 10. Nxd5 Qxd5 11. Ne5 Qe6 12. Nxc6 Qxe2+ 1/2-1/2

[Event "Championnat de Paris open Fide"]
[Site "Paris"]
[Date "2016.07.09"]
[Round "1.12"]
[White "Mohammad Nubairshah"]
[Black "Alfred, Nathan S W"]
[Result "1-0"]
[WhiteElo "2415"]
[BlackElo "2264"]
[PlyCount "61"]
[EventDate "2016.??.??"]

1. d4 Nf6 2. c4 g6 3. Nc3 Bg7 4. e4 d6 5. h3 O-O 6. Bg5 c5 7. d5 a6 8. a4 Qa5
9. Bd2 e6 10. Bd3 Nbd7 11. Nf3 Qc7 12. O-O Nh5 13. Qc2 Ne5 14. Be2 Qe7 15. Nxe5
Bxe5 16. Bh6 Bg7 17. Bxg7 Kxg7 18. f4 f5 19. e5 dxe5 20. fxe5 Bd7 21. Rad1 Kh8
22. Qb3 Rg8 23. Rf2 Rg7 24. Qxb7 Rag8 25. dxe6 Qxe6 26. Rd6 Qe8 27. Qd5 Bc8 28.
e6 Bb7 29. Qe5 Qb8 30. Nd5 f4 31. Nxf4 1-0

[Event "Championnat de Paris open Fide"]
[Site "Paris"]
[Date "2016.07.09"]
[Round "1.13"]
[White "Aranaz Murillo, Amalia"]
[Black "Sochacki, Christophe"]
[Result "0-1"]
[WhiteElo "2255"]
[BlackElo "2414"]
[PlyCount "50"]
[EventDate "2016.??.??"]

1. Nf3 Nf6 2. c4 b6 3. g3 Bb7 4. Bg2 g6 5. b3 Bg7 6. Bb2 O-O 7. O-O c5 8. d3
Nc6 9. Nc3 d5 10. Nxd5 Nxd5 11. Bxg7 Kxg7 12. cxd5 Qxd5 13. Qd2 f6 14. Qb2 Nd4
15. b4 Rab8 16. Rfc1 Rfd8 17. Rc4 a5 18. a3 a4 19. Ne1 Qe5 20. Kf1 Ba6 21. Rc3
Nxe2 22. Qxe2 Qxc3 23. Qxe7+ Kh8 24. Rc1 Rxd3 25. Kg1 Rd7 0-1

[Event "Championnat de Paris open Fide"]
[Site "Paris"]
[Date "2016.07.09"]
[Round "1.14"]
[White "Roser, Kevin"]
[Black "Spielmann, Alain"]
[Result "1/2-1/2"]
[WhiteElo "2394"]
[BlackElo "2252"]
[PlyCount "45"]
[EventDate "2016.??.??"]

1. e4 g6 2. d4 Bg7 3. Nc3 c6 4. h3 d5 5. Nf3 dxe4 6. Nxe4 Nf6 7. Nxf6+ exf6 8.
Bd3 O-O 9. O-O b6 10. Re1 Bb7 11. Bf4 Na6 12. c3 Nc7 13. Bc4 Qd7 14. Nd2 Nd5
15. Bh2 Rfe8 16. Ne4 Re6 17. Nd2 Rxe1+ 18. Qxe1 Re8 19. Qf1 Bh6 20. Nf3 b5 21.
Bb3 Nf4 22. Re1 a6 23. Rxe8+ 1/2-1/2

[Event "Championnat de Paris open Fide"]
[Site "Paris"]
[Date "2016.07.09"]
[Round "1.15"]
[White "Gahan M G"]
[Black "Konguvel, Ponnuswamy"]
[Result "1/2-1/2"]
[WhiteElo "2249"]
[BlackElo "2379"]
[PlyCount "81"]
[EventDate "2016.??.??"]

1. e4 c5 2. c3 d5 3. exd5 Qxd5 4. d4 Nc6 5. dxc5 Qxd1+ 6. Kxd1 Nf6 7. Bb5 Bd7
8. Nf3 e6 9. b4 a5 10. a3 axb4 11. Bxc6 Bxc6 12. cxb4 Nd5 13. Bd2 b6 14. cxb6
Bxb4 15. Bxb4 Nxb4 16. Nc3 Nd3 17. Kc2 Nxf2 18. Rhe1 Bxf3 19. gxf3 O-O-O 20. a4
Kb7 21. a5 Nd3 22. Red1 Nb4+ 23. Kb3 Nc6 24. Ka4 Ka6 25. Nb5 Nxa5 26. Rxd8 Rxd8
27. Kb4 Kxb6 28. Rxa5 Rd5 29. Na3 Rd4+ 30. Kc3 Rf4 31. Rh5 Rxf3+ 32. Kb4 h6 33.
Nc4+ Kc7 34. Kc5 f6 35. Kd4 Rf4+ 36. Kd3 e5 37. Ne3 Kd6 38. Rf5 Rd4+ 39. Ke2
Ke6 40. Rf2 g6 41. Rg2 1/2-1/2

[Event "Championnat de Paris open Fide"]
[Site "Paris"]
[Date "2016.07.09"]
[Round "1.16"]
[White "Eggleston, David J"]
[Black "Maleki, Manuel"]
[Result "1-0"]
[WhiteElo "2376"]
[BlackElo "2248"]
[PlyCount "58"]
[EventDate "2016.??.??"]

1. e4 c5 2. Nf3 e6 3. d4 cxd4 4. Nxd4 a6 5. Nc3 Qc7 6. Be3 Bb4 7. Qd2 Nf6 8.
Bd3 d5 9. exd5 Nxd5 10. Nde2 Nxe3 11. Qxe3 Nd7 12. O-O-O Qe5 13. Ne4 O-O 14. f4
Qa5 15. Kb1 Be7 16. h4 Qb6 17. Qc1 f5 18. Ng5 Nf6 19. Bc4 h6 20. Nd4 hxg5 21.
hxg5 Nd5 22. Rhe1 Bc5 23. Nxe6 Ne3 24. Rxe3 Bxe3 25. Nd4+ Be6 26. Bxe6+ Qxe6
27. Nxe6 Bxc1 28. Nxf8 Bxf4 29. Ne6 Be5 1-0

[Event "Championnat de Paris open Fide"]
[Site "Paris"]
[Date "2016.07.09"]
[Round "1.17"]
[White "Mohammad, Fahim"]
[Black "Kambrath, Yannick"]
[Result "1-0"]
[WhiteElo "2244"]
[BlackElo "2376"]
[PlyCount "49"]
[EventDate "2016.??.??"]

1. d4 Nf6 2. Nf3 e6 3. c4 Bb4+ 4. Bd2 c5 5. g3 b6 6. Bg2 Bb7 7. O-O O-O 8. Bxb4
cxb4 9. Nbd2 a5 10. Qc2 Qc7 11. Rac1 d6 12. e4 e5 13. c5 Rc8 14. Nc4 bxc5 15.
dxe5 Bxe4 16. exd6 Qb7 17. Qd1 Nc6 18. d7 Rd8 19. Nd6 Qc7 20. Nxe4 Nxe4 21. Qd5
Nf6 22. Qxc5 Ra6 23. Nd4 Nxd7 24. Qc4 Ndb8 25. Nxc6 1-0

[Event "Championnat de Paris open Fide"]
[Site "Paris"]
[Date "2016.07.09"]
[Round "1.18"]
[White "Shirazi, Kamran"]
[Black "Duquesne, Adrien"]
[Result "1-0"]
[WhiteElo "2350"]
[BlackElo "2241"]
[PlyCount "61"]
[EventDate "2016.??.??"]

1. e4 c5 2. f4 e6 3. Nf3 d5 4. d3 Nc6 5. Qe2 Be7 6. g3 Nf6 7. Bg2 Rb8 8. O-O b5
9. Ne5 Bb7 10. Nxc6 Bxc6 11. e5 Ng8 12. f5 exf5 13. Rxf5 Bd7 14. Rf2 Be6 15. a4
b4 16. c4 dxc4 17. dxc4 Qd4 18. Bd5 Bxd5 19. cxd5 Qxd5 20. Nd2 Rd8 21. Ne4 Qd1+
22. Kg2 Qxe2 23. Rxe2 Nh6 24. Nf6+ Kf8 25. Bxh6 gxh6 26. Rf1 Kg7 27. Nh5+ Kg6
28. g4 Rd4 29. Nf4+ Kg5 30. Kg3 Rhd8 31. h4# 1-0

[Event "Championnat de Paris open Fide"]
[Site "Paris"]
[Date "2016.07.09"]
[Round "1.19"]
[White "Rabeyrin, Jean-Jacques"]
[Black "Bergez, Luc"]
[Result "1-0"]
[WhiteElo "2239"]
[BlackElo "2341"]
[PlyCount "68"]
[EventDate "2016.??.??"]

1. e4 d5 2. exd5 Nf6 3. d4 Nxd5 4. c4 Nb6 5. Nc3 e5 6. d5 Bb4 7. Be3 c6 8. Qb3
Qe7 9. O-O-O O-O 10. Ne4 cxd5 11. cxd5 Bf5 12. f3 N8d7 13. Bd3 Nxd5 14. Qxd5
Be6 15. Qb5 a6 16. Qa4 b5 17. Qc2 Rfc8 18. Nc3 Bxa2 19. Bxh7+ Kh8 20. Bf5 Nc5
21. Nxa2 Nb3+ 22. Kb1 Rxc2 23. Bxc2 Bc5 24. Bxb3 Bxe3 25. Ne2 a5 26. Rd3 Qg5
27. Rhd1 Bf2 28. Bxf7 Qxg2 29. Bd5 Rf8 30. f4 e4 31. Nec3 Rxf4 32. Nxe4 Qg6 33.
Nxf2 Rxf2 34. Nc3 Qh6 1-0

[Event "Championnat de Paris open Fide"]
[Site "Paris"]
[Date "2016.07.09"]
[Round "1.20"]
[White "Song, Julien"]
[Black "Pruvot, Louis"]
[Result "1/2-1/2"]
[WhiteElo "2338"]
[BlackElo "2216"]
[PlyCount "51"]
[EventDate "2016.??.??"]

1. Nf3 d5 2. c4 c6 3. e3 Nf6 4. Nc3 h6 5. Be2 e6 6. b3 Bd6 7. Bb2 O-O 8. Qc2
Nbd7 9. Rg1 Nc5 10. g4 Nce4 11. g5 hxg5 12. Nxe4 Nxe4 13. h4 e5 14. Nxe5 Bxe5
15. Bxe5 f6 16. Bb2 gxh4 17. O-O-O Qe7 18. f3 Ng3 19. Bd3 f5 20. f4 Be6 21. c5
b6 22. Bd4 b5 23. a3 Bd7 24. Rg2 a5 25. Rdg1 a4 26. b4 1/2-1/2

[Event "Championnat de Paris open Fide"]
[Site "Paris"]
[Date "2016.07.09"]
[Round "1.21"]
[White "Midonet, Matthieu"]
[Black "Rodriguez, Adrien"]
[Result "1-0"]
[WhiteElo "2213"]
[BlackElo "2322"]
[PlyCount "55"]
[EventDate "2016.??.??"]

1. e4 c5 2. b3 e6 3. Nf3 a6 4. c4 Nc6 5. Bb2 d6 6. d4 cxd4 7. Nxd4 Bd7 8. g3
Nf6 9. Bg2 d5 10. exd5 exd5 11. O-O dxc4 12. Re1+ Be7 13. Ba3 Ng8 14. Nc3 Kf8
15. Bxc6 Bxa3 16. Bxd7 Nf6 17. Bh3 Bb2 18. Nce2 Bxa1 19. Qxa1 cxb3 20. axb3 h5
21. Nf4 Kg8 22. Nf5 Kh7 23. Qb1 Rf8 24. Ne6 fxe6 25. Ne7+ Kh8 26. Ng6+ Kg8 27.
Bxe6+ Rf7 28. Ne5 1-0

[Event "Championnat de Paris open Fide"]
[Site "Paris"]
[Date "2016.07.09"]
[Round "1.22"]
[White "Manoeuvre, Antoine"]
[Black "Albaric, Etienne"]
[Result "1-0"]
[WhiteElo "2314"]
[BlackElo "2209"]
[PlyCount "79"]
[EventDate "2016.??.??"]

1. Nf3 d5 2. c4 e6 3. e3 Nf6 4. Nc3 Be7 5. b3 O-O 6. Bb2 b6 7. Be2 Bb7 8. O-O
Nbd7 9. Rc1 Rc8 10. Qc2 c5 11. cxd5 Nxd5 12. Nxd5 Bxd5 13. Ba6 Rb8 14. e4 Ba8
15. a4 Qc7 16. Rfe1 Qf4 17. Re3 Rbd8 18. Rce1 Nf6 19. h3 h5 20. Bc3 Qh6 21. Qb2
Nh7 22. Bc4 Bf6 23. Be5 Bxe5 24. Qxe5 Nf6 25. a5 bxa5 26. Qxc5 Qf4 27. d3 Qb8
28. Qxa5 Bc6 29. Ra1 Qb6 30. Qxa7 Qb4 31. Qa5 Qb7 32. Qg5 Ra8 33. Rc1 Qb6 34.
Ne5 Ra5 35. Rg3 Ne8 36. Qxh5 Ra2 37. Rf3 Nf6 38. Qg5 Bb7 39. Rxf6 Qd8 40. Ng4
1-0

[Event "Championnat de Paris open Fide"]
[Site "Paris"]
[Date "2016.07.09"]
[Round "1.23"]
[White "Salles, Louis"]
[Black "Cotonnec, Melkior"]
[Result "0-1"]
[WhiteElo "2207"]
[BlackElo "2313"]
[PlyCount "68"]
[EventDate "2016.??.??"]

1. e4 e6 2. d4 d5 3. Nc3 Bb4 4. e5 c5 5. a3 Bxc3+ 6. bxc3 Qa5 7. Bd2 Qa4 8. Qg4
g6 9. Bd3 Nc6 10. Nf3 Bd7 11. O-O c4 12. Be2 Qxc2 13. Bd1 Qb2 14. Ba4 Qb6 15.
Qf4 h6 16. h4 Qc7 17. Bxc6 Bxc6 18. a4 a5 19. Ra2 Ra6 20. Nh2 Rb6 21. Ng4 Rb3
22. h5 f5 23. Nh2 g5 24. Qe3 Qf7 25. g4 f4 26. Qe2 Qh7 27. Qd1 Ne7 28. Nf3 Kf7
29. Kg2 Rb8 30. Qa1 Qd3 31. Ne1 Qe2 32. Nf3 Kg7 33. Bxf4 Qe4 34. Bg3 Rf8 0-1

[Event "Championnat de Paris open Fide"]
[Site "Paris"]
[Date "2016.07.09"]
[Round "1.24"]
[White "Gatineau, Yovann"]
[Black "Micottis, Dorian"]
[Result "0-1"]
[WhiteElo "2206"]
[BlackElo "2248"]
[PlyCount "80"]
[EventDate "2016.??.??"]

1. d4 Nf6 2. c4 g6 3. Nc3 d5 4. cxd5 Nxd5 5. e4 Nxc3 6. bxc3 Bg7 7. Nf3 c5 8.
Be3 O-O 9. Qd2 Qa5 10. Rb1 b6 11. Bd3 Ba6 12. O-O cxd4 13. Nxd4 Rd8 14. Rfd1
Bxd3 15. Qxd3 Qa4 16. Qe2 Nc6 17. Rbc1 Rac8 18. h3 Bxd4 19. cxd4 Nxd4 20. Bxd4
Rxc1 21. Rxc1 Qxd4 22. g3 Kg7 23. Kg2 h5 24. h4 Qe5 25. Qe3 Rd4 26. Re1 Ra4 27.
Re2 Qe6 28. Qc3+ Kh7 29. Qc2 b5 30. Kh2 a6 31. f4 Qg4 32. f5 Rc4 33. Qd3 Rc3
34. fxg6+ Kxg6 35. Qxc3 Qxe2+ 36. Kg1 Qxe4 37. Qh8 Qb1+ 38. Kf2 Qxa2+ 39. Ke1
Qe6+ 40. Kd2 Qf6 0-1

[Event "Championnat de Paris open Fide"]
[Site "Paris"]
[Date "2016.07.10"]
[Round "2.1"]
[White "Moiseenko, Alexander"]
[Black "Eggleston, David J"]
[Result "1-0"]
[WhiteElo "2649"]
[BlackElo "2376"]
[PlyCount "87"]
[EventDate "2016.??.??"]

1. d4 Nf6 2. c4 e6 3. Nf3 b6 4. a3 Bb7 5. Nc3 d5 6. cxd5 exd5 7. Qa4+ c6 8. Bg5
Be7 9. e3 O-O 10. Bd3 Nbd7 11. O-O Ne4 12. Bxe4 dxe4 13. Nxe4 c5 14. Bxe7 Qxe7
15. Ned2 cxd4 16. Qxd4 Rad8 17. Rfd1 Nc5 18. Qe5 Qd7 19. h3 Bxf3 20. Nxf3 Qxd1+
21. Rxd1 Rxd1+ 22. Kh2 Rf1 23. b4 Ne6 24. Qb2 Rc8 25. Ne5 Rfc1 26. Qe2 f6 27.
Qa2 Re8 28. Nc4 Rd1 29. Nd2 Rc1 30. Nb3 Rc7 31. Nd4 Rce7 32. Qd5 Rd8 33. Qc4
Rde8 34. Nf5 Rc7 35. Qd5 Kh8 36. Nd6 Rd7 37. Qc6 Ree7 38. Nf5 Nd8 39. Qa4 Rf7
40. Nd6 Rfe7 41. Nc8 Rf7 42. Nxa7 g6 43. Nc8 Rd2 44. Nxb6 1-0

[Event "Championnat de Paris open Fide"]
[Site "Paris"]
[Date "2016.07.10"]
[Round "2.2"]
[White "Shchekachev, Andrei"]
[Black "Shirazi, Kamran"]
[Result "1/2-1/2"]
[WhiteElo "2550"]
[BlackElo "2350"]
[PlyCount "81"]
[EventDate "2016.??.??"]

1. Nf3 c5 2. c4 Nc6 3. d4 cxd4 4. Nxd4 e5 5. Nb5 d6 6. N1c3 a6 7. Na3 h6 8. e3
Nf6 9. Be2 Be6 10. Bf3 Rc8 11. O-O Be7 12. Nd5 O-O 13. Qd2 Kh8 14. b3 e4 15.
Be2 Bxd5 16. cxd5 Ne5 17. Bb2 Rc5 18. Rad1 Rxd5 19. Qc2 Rxd1 20. Rxd1 Qb8 21.
Nc4 Rc8 22. Qd2 b5 23. Nxd6 Bxd6 24. Qxd6 Qxd6 25. Rxd6 Rc2 26. Bxe5 Rxe2 27.
h3 Rxa2 28. g4 b4 29. Bxf6 gxf6 30. Rxf6 Kg7 31. Rb6 a5 32. Kg2 Ra3 33. Rb5 Kf6
34. Kg3 Ke6 35. Kf4 Kd6 36. Kxe4 Kc6 37. Rh5 Kb6 38. Rxh6+ Kb5 39. Rh5+ Kb6 40.
Rh6+ Kb5 41. Rh5+ 1/2-1/2

[Event "Championnat de Paris open Fide"]
[Site "Paris"]
[Date "2016.07.10"]
[Round "2.3"]
[White "Manoeuvre, Antoine"]
[Black "Moussard, Jules"]
[Result "1/2-1/2"]
[WhiteElo "2314"]
[BlackElo "2521"]
[PlyCount "83"]
[EventDate "2016.??.??"]

1. Nf3 Nf6 2. c4 e6 3. Nc3 c5 4. e3 d5 5. d4 Nc6 6. Be2 dxc4 7. dxc5 Qxd1+ 8.
Kxd1 Bxc5 9. Bxc4 a6 10. Ke2 b5 11. Bd3 Bb7 12. a3 Bd6 13. Rd1 Ke7 14. Ne4 Nd4+
15. exd4 Nxe4 16. Be3 Nf6 17. Bg5 h6 18. Bxf6+ gxf6 19. g3 Rad8 20. Ke3 f5 21.
Rac1 Bb8 22. Ne5 Rd6 23. Be2 Kf6 24. Bh5 Rf8 25. f4 Kg7 26. Bf3 Bxf3 27. Kxf3
Rd5 28. Rc5 Rfd8 29. Rxd5 Rxd5 30. Nc6 Bc7 31. Nb4 Rd6 32. d5 Ba5 33. Nc2 Kf6
34. Ne3 Bb6 35. dxe6 Rxd1 36. e7 Kxe7 37. Nxd1 Bd4 38. Ke2 Ke6 39. Kd3 Bg1 40.
Nc3 Bxh2 41. Ne2 Kd5 42. b4 1/2-1/2

[Event "Championnat de Paris open Fide"]
[Site "Paris"]
[Date "2016.07.10"]
[Round "2.4"]
[White "Cotonnec, Melkior"]
[Black "Satyapragyan, Swayangsu"]
[Result "1-0"]
[WhiteElo "2313"]
[BlackElo "2467"]
[PlyCount "85"]
[EventDate "2016.??.??"]

1. e4 e6 2. d4 d5 3. Nc3 Nf6 4. Bg5 dxe4 5. Nxe4 Be7 6. Bxf6 gxf6 7. Nf3 b6 8.
Qd2 Bb7 9. Bd3 f5 10. Ng3 Nd7 11. O-O-O O-O 12. Kb1 Nf6 13. Qf4 Kh8 14. Ne5 Bd6
15. c4 Ng8 16. c5 bxc5 17. dxc5 Bxe5 18. Qxe5+ Qf6 19. Qxf6+ Nxf6 20. f3 Rg8
21. Rd2 Rad8 22. Rhd1 Rd5 23. b4 Rgd8 24. Kc2 a5 25. a3 axb4 26. axb4 Bc6 27.
Kc3 Ba4 28. Bc2 Bxc2 29. Kxc2 c6 30. Ne2 Rb8 31. Kb3 Rxd2 32. Rxd2 Nd5 33. Rxd5
exd5 34. Nd4 Rc8 35. Nxf5 Rc7 36. b5 cxb5 37. Kb4 Ra7 38. Kxb5 Ra1 39. c6 Rc1
40. Kb6 Kg8 41. c7 Kf8 42. Kb7 Rb1+ 43. Kc6 1-0

[Event "Championnat de Paris open Fide"]
[Site "Paris"]
[Date "2016.07.10"]
[Round "2.5"]
[White "Battaglini, Gabriel"]
[Black "Hemant, Sharma Del"]
[Result "1/2-1/2"]
[WhiteElo "2462"]
[BlackElo "2299"]
[PlyCount "113"]
[EventDate "2016.??.??"]

1. d4 d5 2. Bf4 Nf6 3. e3 e6 4. Nf3 Be7 5. Nbd2 O-O 6. h3 c5 7. c3 b6 8. Bd3
Bb7 9. O-O Nbd7 10. Ne5 Ne4 11. a4 Nxe5 12. Bxe5 Nxd2 13. Qxd2 Bd6 14. Bxd6
Qxd6 15. b4 cxb4 16. cxb4 a5 17. b5 Rac8 18. Rfc1 g6 19. Rxc8 Rxc8 20. Rc1 Rc7
21. Rc2 Qd8 22. h4 Rxc2 23. Qxc2 Qc8 24. Qb2 h5 25. Be2 Qc7 26. g3 Bc8 27. Kg2
Bd7 28. Bd3 Be8 29. Kf3 Kg7 30. Qc2 Qxc2 31. Bxc2 f5 32. Kf4 Kf6 33. f3 Bf7 34.
e4 fxe4 35. fxe4 Be8 36. e5+ Kg7 37. Kg5 Bf7 38. Bd1 Be8 39. Bf3 Bf7 40. Bg2
Be8 41. Kf4 Bxb5 42. Bh3 Bxa4 43. Bxe6 Bc6 44. Ke3 b5 45. Kd3 b4 46. Kc2 a4 47.
Kb2 Kf8 48. Ka2 Ke7 49. Bg8 Bb7 50. Kb2 a3+ 51. Kb3 Ba8 52. Ka2 Bc6 53. Kb3
Ba4+ 54. Ka2 Bc6 55. Kb3 Ba4+ 56. Ka2 Bc6 57. Kb3 1/2-1/2